| 000 | 00330nam a22001217a 4500 | ||
|---|---|---|---|
| 041 | _aENG | ||
| 100 | _a721.011;551;521;.i.001.24 | ||
| 245 | _aRecommentdations For Calculation Of Solar Radiation On Buildiags | ||
| 260 |
_aNew Delhi _bBureau Of Indian _c1987 |
||
| 300 | _a15 | ||
| 650 | _aBIS-Test Code | ||
| 856 | _uBIS-Test Code | ||
| 999 |
_c1978 _d1978 |
||